Všeho moc škodí! : aktová fraška /

Hlavní autor: Pokorný, Jaroslav, 1899-1940
Jazyk: Čeština
Vydáno: Praha : Fr. Švejda, [1931]
Edice: Sborník veselých aktovek
Fyzický popis: 27 s. ; 16 cm
Knihy
Uloženo v:
LEADER 00806nam a22002412a 4500
001 001795996
003 CZ BrMZK
005 20210722103030.0
007 ta
008 210722s1931 xr er|||||||||||cze d
015 |a cnb000938198 
035 |a (OCoLC)85517542 
040 |a ABA001  |b cze  |c PNA001  |d ABA001  |d BOA001 
100 1 |a Pokorný, Jaroslav,  |d 1899-1940  |7 jk01100056  |4 aut 
245 1 0 |a Všeho moc škodí! :  |b aktová fraška /  |c napsal Jaroslav Pokorný 
260 |a Praha :  |b Fr. Švejda,  |c [1931]  |f (A. Lapáček) 
300 |a 27 s. ;  |c 16 cm 
490 1 |a Sborník veselých aktovek ;  |v sv. 72 
830 0 |a Sborník veselých aktovek 
910 |a BOA001  |b X-0137.205,72 
990 |a BK 
991 |b 202107 
996 6 |b 2618706931  |c X-0137.205,72  |l MZK  |r Sklad / do 24 hodin  |n 0  |w 001858995  |u 000010  |a 1  |e BOA001  |j MZK50  |s P